000 006880000a22002410004500
003 LK-CoMWRAF
005 20240319103146.0
008 230817t1988 ||||| |||| 00| 0 eng d
020 _a0333472187
040 _aLK-CoMWRAF
_dLK-CoMWRAF
_eLK-CoMWRAF
041 _aeng
082 _a613.0432
_bEBR
100 _aEbrahim, G. B.
245 _aMaternal and child health in practice :
_btraining modules for middle level workers
260 _aLondon :
_bMacmillan,
_c1988
300 _a x, 113p. : ill. ; 23 cm
650 _aINFANT AND CHILD HEALTH
650 _aObstetrics
650 _aChildren -- Care and hygiene
700 _aAhmed, A. M.
700 _aKhan, A. A.
942 _cBK
999 _c1423
_d1423